000 00441nam a2200181Ia 4500
001 14145
005 20260306164853.0
008 260306t2012||||xx |||||||||||||| ||spa||
041 _aESP
082 _a510
_bA21
100 _aAcosta Aranibar, Renzo
_eAUT
245 0 _aGuía de práctica de introducción a la matemática
260 _c2012
300 _a199 p
_c30 cm.
650 _aGEN
654 _aCMA
942 _cLIB
_dJUS
_fJUS
_2ddc
_n
999 _c14145
_d14145